| 000 | 00337nam a22001217a 4500 | ||
|---|---|---|---|
| 020 | _a9788126515608 | ||
| 082 |
_222 _a521.384521 |
||
| 100 | _aLin, Yi-Bang and Chlamtar, Imrich. | ||
| 245 | _aWireless ad mobile network architectures / | ||
| 260 |
_bWiley and Sons, _cc2012. |
||
| 300 |
_axxiii, 532p. ; _bill. ; _c22cm. |
||
| 942 |
_2ddc _cIT _01 |
||
| 999 |
_c1052 _d1052 |
||